000 00601nam a2200193 4500
001 119431
003 ES-MaACL
005 20250904063056.0
007 t|
008 070214s1959 sp r ||||1| spa d
100 1 _aPérez Leñero, José,
_d-1980
_990963
245 1 3 _aEl tema del trabajo en las religiones /
_cJosé Pérez Leñero.
260 _aMadrid :
_bAguilar,
_c1959.
300 _a154 p. ;
_c21 cm.
490 1 _aColección ensayistas hispánicos
830 0 _aColección ensayistas hispánicos
_9218598
852 _aES-MaACL
_jC-16281
_bR.44341
999 _c119431
_d119431